Ghana : 2021 Article IV Consultation-Press Release; Staff Report; and Statement by the Executive Director for Ghana.

Ghana has been hit hard by the pandemic. The government's proactive response helped contain the spread of COVID-19, protecting lives and limiting the impact on economic activity. However, partly because of the pandemic, the fiscal position worsened considerably last year, with a sharp increase...

Full beskrivning

Bibliografiska uppgifter
Institutionell upphovsman: International Monetary Fund. African Dept
Materialtyp: Tidskrift
Språk:English
Publicerad: Washington, D.C. : International Monetary Fund, 2021.
Serie:IMF Staff Country Reports; Country Report ; No. 2021/165
Ämnen:
Länkar:Full text available on IMF
LEADER 01628cas a2200301 a 4500
001 AALejournalIMF021898
008 230101c9999 xx r poo 0 0eng d
020 |c 5.00 USD 
020 |z 9781513590066 
022 |a 1934-7685 
040 |a BD-DhAAL  |c BD-DhAAL 
110 2 |a International Monetary Fund.  |b African Dept. 
245 1 0 |a Ghana :   |b 2021 Article IV Consultation-Press Release; Staff Report; and Statement by the Executive Director for Ghana. 
264 1 |a Washington, D.C. :  |b International Monetary Fund,  |c 2021. 
300 |a 1 online resource (91 pages) 
490 1 |a IMF Staff Country Reports 
500 |a <strong>Off-Campus Access:</strong> No User ID or Password Required 
500 |a <strong>On-Campus Access:</strong> No User ID or Password Required 
506 |a Electronic access restricted to authorized BRAC University faculty, staff and students 
520 3 |a Ghana has been hit hard by the pandemic. The government's proactive response helped contain the spread of COVID-19, protecting lives and limiting the impact on economic activity. However, partly because of the pandemic, the fiscal position worsened considerably last year, with a sharp increase in public sector debt. 
538 |a Mode of access: Internet 
650 7 |a International Agreements  |2 imf 
650 7 |a International Organizations  |2 imf 
650 7 |a Monetary Policy  |2 imf 
650 7 |a Observance  |2 imf 
651 7 |a Ghana  |2 imf 
830 0 |a IMF Staff Country Reports; Country Report ;  |v No. 2021/165 
856 4 0 |z Full text available on IMF  |u http://elibrary.imf.org/view/journals/002/2021/165/002.2021.issue-165-en.xml  |z IMF e-Library